Mládež v popredí záujmu Na pléne MV ZPO Bratislava-mesto o nasledujúcich úlohách

Bibliographic Details
Main Authors: -dh- (Author), Dlhý, Ľudovít (Author)
Format: Article
Language:Slovak
Subjects:

MARC

LEADER 00000nab a2200000 a 4500
001 vtls000019516
003 SK-MaSNL
005 20260303031413.0
008 220422c1979 xo 0 slo
015 |a SNBRB19rr/mm-uuuuu 
035 |a CL0029610 
040 |a SNKBUCL  |b slo  |c SNKBUCL  |e AACR2 
041 0 |a slo 
044 |a xo  |c SK 
080 |a 614.8  |2 1981 
100 1 |a -dh-  |4 aut  |9 871709 
245 1 0 |a Mládež v popredí záujmu  |b Na pléne MV ZPO Bratislava-mesto o nasledujúcich úlohách  |c -dh- ; Ľudovít Dlhý 
650 0 7 |a požiarnictvo  |2 snkbucl  |9 1502 
650 0 7 |a Zväz požiarnej ochrany MV  |2 snkbucl  |9 1011663 
655 7 |a články z novín a časopisov  |2 snkbucl  |9 267496 
700 1 |a Dlhý, Ľudovít  |4 aut  |9 933349 
773 0 |t Požiarnik  |g Roč. 56, č. 1 (1979), s. 5 
850 |a Slovenská národná knižnica v Martine  |a MTA001 
852 |a SNK  |b KIS3GCP 
958 |a RK 
958 |a ME 
992 |a RBX 
999 |c 1657921  |d 1659851